Popular Song Lyrics - Statistics

General Stats
  • This quiz has been taken 106 times
  • The average score is 4 of 7
Answer Stats
Hint Answer % Correct
Taylor Swift: Shake it __ Off
98%
Wicked: Defying __ Gravity
75%
Kendrick Lamar: They're not __ Like Us
69%
Benson Boone: Beautiful __ Things
59%
Chappell Roan: Pink Pony __ Club
58%
Weeknd: I'm blinded by the __ Lights
52%
Beyoncé: This ain't __ Texas
17%
No matching quizzes found
Score Distribution
Percent of People with Each Score
Percentile by Number Answered
Your Score History
You have not taken this quiz